LEADER 00887nam0 2200265 450 001 000020552 005 20081216093801.0 100 $a20081212d1972----km-y0itay50------ba 101 0 $aita 102 $aIT 105 $ay-------001yy 200 1 $aTemi di esame di analisi matematica 2$ftesti e svolgimenti di M. L. Boella ... [et al.] 210 $aMilano$cTamburini$d1972 215 $a216 p.$cill.$d21 cm 300 $aSul front.: Politecnico di Milano, Facoltà di ingegneria 410 0$12001 500 10$aTemi di esame di analisi matematica 2$960710 610 1 $aAnalisi matematica$aEsercizi 676 $a515.076$v20$9Analisi matematica 702 1$aBoella,$bMaria Lavinia 801 0$aIT$bUNIPARTHENOPE$c20081212$gRICA$2UNIMARC 912 $a000020552 951 $aG 515.076/2$bG 71$cDSA$d2008 996 $aTemi di esame di analisi matematica 2$960710 997 $aUNIPARTHENOPE LEADER 01052nam0 22002651i 450 001 SUN0026197 005 20050301120000.0 100 $a20041020d1987 |0itac50 ba 101 $aita 102 $aIT 105 $a|||| ||||| 200 1 $aArchivio d'architettura$ecatalogo ragionato degli edifici contemporanei, 1985$fPaolo Giambartolomei 210 $aRoma$cOfficina$d1987 215 $a362 p.$cill.$d24 cm. 606 $aArchitettura$x1965-1985$2FI$3SUNC011876 620 $dRoma$3SUNL000360 676 $a724.91$v21 700 1$aGiambartolomei$b, Paolo$3SUNV021808$010490 712 $aOfficina$3SUNV000156$4650 801 $aIT$bSOL$c20181109$gRICA 912 $aSUN0026197 950 $aBIBLIOTECA DEL DIPARTIMENTO DI ARCHITETTURA E DISEGNO INDUSTRIALE$d01 PREST IIAa40 $e01 27895 995 $aBIBLIOTECA DEL DIPARTIMENTO DI ARCHITETTURA E DISEGNO INDUSTRIALE$bIT-CE0107$h27895$kPREST IIAa40$op$qa 996 $aArchivio d'architettura$91432338 997 $aUNICAMPANIA